MK7 Wuhu Loop Glitch WR Holders - Statistics

General Stats
  • This quiz has been taken 3 times
  • The average score is 7 of 10
Answer Stats
Date Nation Player % Correct
2012-08-13 🇪🇸 Alexony
100%
2018-02-06 🇺🇸 Jacob
100%
2013-05-19 🇫🇷 Loris
100%
2011-12-19 🇮🇹 Nicola
100%
2012-08-13 🇪🇸 AdroMaster
67%
2012-01-06 🇪🇸 Jarv
67%
2012-07-14 🇩🇪 Marv
67%
2013-08-09 🇯🇵 Weisse
67%
2012-03-06 🇯🇵 なつ
33%
2011-12-18 🇬🇧 sn1989
33%
No matching quizzes found
Score Distribution
Percent of People with Each Score
Percentile by Number Answered
Your Score History
You have not taken this quiz